[Event "El Ksiba op"]
[Site "El Ksiba"]
[Date "2018.04.29"]
[Round "2"]
[White "Anwar, Tarik"]
[Black "El Adnani, Mokliss"]
[Result "1/2-1/2"]
[WhiteElo "2047"]
[BlackElo "2455"]
[PlyCount "116"]
[EventDate "2018.04.28"]
[EventType "swiss"]
[EventRounds "9"]
[EventCountry "MAR"]
[SourceTitle "CBM 184 Extra"]
[Source "ChessBase"]
[SourceDate "2018.06.28"]
[SourceVersion "1"]
[SourceVersionDate "2018.06.28"]
[SourceQuality "1"]

1. d4 d5 2. c4 e6 3. Nc3 c6 4. cxd5 exd5 5. Bf4 Bd6 6. Bxd6 Qxd6 7. Nf3 Nf6 8. e3 0-0 9. Bd3 Bg4 10. h3 Bh5 11. a3 Re8 12. Be2 Nbd7 13. 0-0 a5 14. Nd2 Bxe2 15. Nxe2 a4 16. Nc3 b5 17. Rc1 Nb6 18. Na2 Nc4 19. Rc2 Ne4 20. Nxe4 Rxe4 21. Nb4 f5 22. Nd3 Qf6 23. Qf3 Kh8 24. Rfc1 Rc8 25. Nc5 Re7 26. h4 g6 27. g3 Kg7 28. Re2 h6 29. Kg2 Rf8 30. Rh1 Qd6 31. Qf4 Qf6 32. Qf3 Rfe8 33. Rhe1 Nd6 34. Rc2 f4 35. Nd3 Nf5 36. Qxf4 g5 37. hxg5 hxg5 38. Qf3 Nxd4 39. Qxf6+ Kxf6 40. Rec1 Nb3 41. Rxc6+ Re6 42. Rxe6+ Rxe6 43. Rh1 Kf5 44. Kf3 d4 45. g4+ Kg6 46. Rh8 Nd2+ 47. Ke2 Nc4 48. Rg8+ Kh6 49. Rh8+ Kg6 50. Rg8+ Kh6 51. Rh8+ Kg7 52. Rb8 dxe3 53. Rxb5 exf2+ 54. Kxf2 Rf6+ 55. Ke2 Re6+ 56. Kf2 Rf6+ 57. Ke2 Re6+ 58. Kf2 Rh6 1/2-1/2

[Event "Marrakesh Sekkat op 9th"]
[Site "Marrakesh"]
[Date "2016.11.28"]
[Round "4"]
[White "Anwar, Tarik"]
[Black "Haddouche, Mohamed Amine"]
[Result "1/2-1/2"]
[WhiteElo "1978"]
[BlackElo "2497"]
[PlyCount "79"]
[EventDate "2016.11.26"]
[EventType "swiss"]
[EventRounds "9"]
[EventCountry "MAR"]
[SourceTitle "EXT 2018"]
[Source "ChessBase"]
[SourceDate "2017.10.13"]
[SourceVersion "1"]
[SourceVersionDate "2017.10.13"]
[SourceQuality "1"]

1. d4 d6 2. c4 Nf6 3. Nc3 g6 4. e4 Bg7 5. Nf3 0-0 6. Bd3 Nbd7 7. Qe2 e5 8. d5 Nc5 9. Bc2 a5 10. Be3 b6 11. 0-0 Nh5 12. Rad1 Qe8 13. Nd2 Nf4 14. Qf3 h5 15. h3 Bh6 16. Ne2 f5 17. Nxf4 Bxf4 18. Bxf4 fxe4 19. Nxe4 Nxe4 20. Bxe4 Rxf4 21. Qd3 Kg7 22. b3 Qf7 23. a4 Bf5 24. f3 Rf8 25. Rde1 h4 26. Rf2 Qf6 27. Qf1 Qg5 28. Kh1 Qg3 29. Rfe2 Rf7 30. Qg1 Bd7 31. Qh2 R7f6 32. Re3 Bf5 33. Qxg3 hxg3 34. Kg1 Rh4 35. Kf1 Kh6 36. R1e2 Kg5 37. Ke1 Rf4 38. Kf1 Rf7 39. Ke1 Kh6 40. Kd2 1/2-1/2